| 000 | 00905nam a2200241 4500 | ||
|---|---|---|---|
| 003 | OSt | ||
| 005 | 20260530115320.0 | ||
| 008 | 260508b2005 |||a|||| |||| 001 0 por d | ||
| 040 |
_aICI _bspa _cICI _erda |
||
| 050 |
_aTT507 _bB377 |
||
| 100 |
_aBarreto Martins, Suzana, _eautor _934317 |
||
| 245 |
_aO conforto no vestuário: Uma interpretacao da ergonomia : _bMetodologia de avaliacao de usabilidade e conforto no vestuário / _cSuzana, Barreto Martins |
||
| 264 |
_aBrazil : _b[El autor], _c2005 |
||
| 300 | _a140 páginas | ||
| 336 |
_2rdacontent _atexto |
||
| 337 |
_2rdamedia _asin medio |
||
| 338 |
_2rdacarrier _avolumen |
||
| 502 |
_aTesis _b( Doctorado em Engenharia de Producao). -- _cUniversidade Federal de Santa Catarina, _d2005 |
||
| 650 | 4 |
_aDiseño de modas. _934318 |
|
| 650 | 4 |
_aVestuario _xAspectos ergonómicos. _934319 |
|
| 650 | 4 |
_aUsabilidad en el diseño. _934320 |
|
| 942 |
_2lcc _n1 _cBK |
||
| 999 |
_c13748 _d13748 |
||